[Event "Buenos Aires FAOGBA op 2nd"]
[Site "Buenos Aires"]
[Date "2024.03.19"]
[Round "9"]
[White "Schnaider, Ilan"]
[Black "Espinoza Palomino, Willyam"]
[Result "1-0"]
[WhiteElo "2314"]
[BlackElo "2400"]
[PlyCount "99"]
[EventDate "2024.03.12"]
[EventType "swiss"]
[EventRounds "9"]
[EventCountry "ARG"]
[SourceTitle "CB13_2024"]
[SourceDate "2024.03.27"]
[SourceVersion "1"]
[SourceVersionDate "2024.03.27"]
[SourceQuality "1"]

1. e4 e5 2. Nf3 Nc6 3. Nc3 Bb4 4. Bb5 Nf6 5. 0-0 0-0 6. d3 Bxc3 7. bxc3 d6 8. Bg5 Qe7 9. Re1 Nd8 10. d4 Ne6 11. Bc1 c6 12. Bf1 Rd8 13. a4 Qc7 14. g3 h6 15. Ba3 Rb8 16. Qe2 c5 17. Red1 b6 18. d5 Nf8 19. Rdb1 Bd7 20. Bc1 Ng6 21. Qe1 Nh7 22. c4 f5 23. Bd3 Rf8 24. exf5 Bxf5 25. Be4 Bxe4 26. Qxe4 Qf7 27. Ra3 Nf6 28. Qe2 e4 29. Ne1 Rbe8 30. h3 Nd7 31. Re3 Qf5 32. Kg2 Rf7 33. Rb2 Qg5 34. Nd3 Qf5 35. Bd2 Kh7 36. Ne1 Qg5 37. Nd3 exd3 38. Rxe8 Qf6 39. Qxd3 Qxb2 40. Bc3 Qc1 41. h4 Nf6 42. Re1 Qa3 43. Ra1 Qxa1 44. Bxa1 h5 45. Qf5 Kh6 46. Bc3 Rf8 47. Bd2+ Kh7 48. Bf4 Rd8 49. f3 Rd7 50. g4 1-0

[Event "Buenos Aires FAOGBA op 2nd"]
[Site "Buenos Aires"]
[Date "2024.03.17"]
[Round "7"]
[White "Habiaga, Raul Adrian"]
[Black "Espinoza Palomino, Willyam"]
[Result "0-1"]
[WhiteElo "1991"]
[BlackElo "2400"]
[PlyCount "134"]
[EventDate "2024.03.12"]
[EventType "swiss"]
[EventRounds "9"]
[EventCountry "ARG"]
[SourceTitle "CB13_2024"]
[SourceDate "2024.03.27"]
[SourceVersion "1"]
[SourceVersionDate "2024.03.27"]
[SourceQuality "1"]

1. e4 e5 2. Nf3 Nc6 3. Bc4 Nf6 4. d3 Bc5 5. c3 d6 6. b4 Bb6 7. 0-0 0-0 8. h3 h6 9. Re1 Ne7 10. Nh4 c6 11. Qf3 d5 12. Bb3 Ng6 13. Nf5 Bxf5 14. Qxf5 Re8 15. Qf3 Qd6 16. Nd2 Rad8 17. a4 a6 18. Rb1 Re7 19. Bc2 Nh7 20. c4 Ng5 21. Qg3 Ba7 22. c5 Qf6 23. Nf1 a5 24. bxa5 Ne6 25. Ne3 Nd4 26. Bd1 Bxc5 27. Nc2 Nxc2 28. Bxc2 dxe4 29. Rxe4 Rd4 30. Be3 Red7 31. Bxd4 Bxd4 32. Bb3 Nf4 33. Bc4 Nh5 34. Qf3 Qxf3 35. gxf3 Ng3 36. Ree1 Nf5 37. Rb3 Nh4 38. Rd1 Nxf3+ 39. Kg2 Nh4+ 40. Kf1 Nf5 41. a6 bxa6 42. Rb8+ Kh7 43. Ra8 Rd6 44. Bxf7 Rf6 45. Bg8+ Kg6 46. Ke2 Bc5 47. Rg1+ Kh5 48. Rf1 Nd4+ 49. Kd1 Nf5 50. Kc1 Ne3 51. Rg1 Rxf2 52. Rb8 Bd4 53. Rxg7 Rf1+ 54. Kd2 Rf2+ 55. Ke1 Nc2+ 56. Kd1 Ne3+ 57. Ke1 Nc2+ 58. Kd1 Ne3+ 59. Kc1 e4 60. dxe4 Bxg7 61. Be6 Bc3 62. Kb1 Rf1+ 63. Ka2 Ra1+ 64. Kb3 Rb1+ 65. Kxc3 Rxb8 66. Kd4 Nc2+ 67. Kc5 Nb4 0-1

[Event "Roquetas de Mar op 28th"]
[Site "Roquetas de Mar"]
[Date "2017.01.05"]
[Round "4"]
[White "Tazbir, Marcin"]
[Black "Espinoza Palomino, Willyam"]
[Result "1/2-1/2"]
[WhiteElo "2524"]
[BlackElo "2416"]
[PlyCount "47"]
[EventDate "2017.01.03"]
[EventType "swiss"]
[EventRounds "9"]
[EventCountry "ESP"]
[SourceTitle "CBM 176 Extra"]
[Source "ChessBase"]
[SourceDate "2017.03.02"]
[SourceVersion "1"]
[SourceVersionDate "2017.03.02"]
[SourceQuality "1"]

1. e4 e5 2. Nf3 Nc6 3. Bb5 a6 4. Ba4 Nf6 5. 0-0 Be7 6. Re1 b5 7. Bb3 d6 8. c3 0-0 9. h3 Na5 10. Bc2 c5 11. d4 Qc7 12. Nbd2 cxd4 13. cxd4 Rd8 14. b3 Nc6 15. Bb2 Qb6 16. Nf1 d5 17. exd5 Rxd5 18. Ne3 Rd8 19. d5 Nb4 20. Nxe5 Nbxd5 21. Nxd5 Rxd5 22. Qe2 Be6 23. Rad1 Rad8 24. Rxd5 1/2-1/2

[Event "Sitges Sunway op 3rd"]
[Site "Sitges"]
[Date "2016.12.20"]
[Round "6"]
[White "Kucuksari, Kaan"]
[Black "Espinoza Palomino, Willyam"]
[Result "1/2-1/2"]
[WhiteElo "2243"]
[BlackElo "2416"]
[PlyCount "46"]
[EventDate "2016.12.16"]
[EventType "swiss"]
[EventRounds "9"]
[EventCountry "ESP"]
[SourceTitle "CBM 176 Extra"]
[Source "ChessBase"]
[SourceDate "2017.03.02"]
[SourceVersion "1"]
[SourceVersionDate "2017.03.02"]
[SourceQuality "1"]

1. d4 Nf6 2. Nf3 g6 3. c4 c6 4. Nc3 d5 5. cxd5 cxd5 6. Bf4 Nc6 7. e3 a6 8. Be2 Bg7 9. h3 0-0 10. 0-0 b5 11. Ne5 Bb7 12. Bf3 e6 13. a4 b4 14. Na2 Nxe5 15. Bxe5 a5 16. Nc1 Qb6 17. Nb3 Nd7 18. Bxg7 Kxg7 19. Be2 Rfc8 20. Qd2 Ba6 21. Bxa6 Qxa6 22. Rfc1 Rc6 23. Nc5 Qa7 1/2-1/2

[Event "Seville op 41st"]
[Site "Seville"]
[Date "2016.01.12"]
[Round "5"]
[White "Espinoza Palomino, Willyam"]
[Black "Granero Roca, Antonio"]
[Result "1-0"]
[WhiteElo "2342"]
[BlackElo "2410"]
[PlyCount "79"]
[EventDate "2016.01.08"]
[EventType "swiss"]
[EventRounds "9"]
[EventCountry "ESP"]
[SourceTitle "CBM 170 Extra"]
[Source "ChessBase"]
[SourceDate "2016.02.25"]
[SourceVersion "1"]
[SourceVersionDate "2016.02.25"]
[SourceQuality "1"]

1. e4 c5 2. Nf3 Nc6 3. d4 cxd4 4. Nxd4 g6 5. Nc3 Bg7 6. Be3 Nf6 7. Bc4 0-0 8. Bb3 a5 9. 0-0 d6 10. Ndb5 Be6 11. Bxe6 fxe6 12. Qe2 Qc8 13. f4 Ne8 14. Na4 Ra6 15. Rad1 Nc7 16. c4 e5 17. f5 Ne8 18. Nb6 Qd8 19. Nd5 gxf5 20. exf5 Nb4 21. Ndc3 Qc8 22. g4 Rc6 23. a3 Na6 24. Na7 Qa8 25. Nxc6 bxc6 26. Ne4 Nac7 27. Ng3 d5 28. Nh5 Bh8 29. Bh6 Nd6 30. cxd5 cxd5 31. Bxf8 Qxf8 32. Qe3 Qf7 33. Qg5+ Kf8 34. f6 e6 35. Qg7+ Bxg7 36. fxg7+ Kg8 37. Rxf7 Nxf7 38. Rc1 Ne8 39. Rc8 Nfd6 40. Nf6+ 1-0

[Event "Bogota Univ Blitz op 9th"]
[Site "Bogota"]
[Date "2015.10.12"]
[Round "3.1"]
[White "Gomez Garrido, Camilo Ernesto"]
[Black "Espinoza Palomino, Willyam"]
[Result "1-0"]
[WhiteElo "2542"]
[BlackElo "2224"]
[PlyCount "51"]
[EventDate "2015.10.12"]
[EventType "swiss (blitz)"]
[EventRounds "10"]
[EventCountry "COL"]
[SourceTitle "EXT 2024"]
[Source "ChessBase"]
[SourceDate "2023.10.10"]
[SourceVersion "1"]
[SourceVersionDate "2023.10.10"]
[SourceQuality "1"]

1. e4 e5 2. Nf3 Nc6 3. Bb5 a6 4. Ba4 Nf6 5. 0-0 Be7 6. Re1 b5 7. Bb3 d6 8. c3 0-0 9. h3 Na5 10. Bc2 c5 11. d4 Qc7 12. d5 Bd7 13. Nbd2 c4 14. Nf1 Nb7 15. N3h2 Ne8 16. Ng3 g6 17. f4 f6 18. f5 g5 19. h4 gxh4 20. Qg4+ Kh8 21. Qxh4 Rg8 22. Kf2 Rg5 23. Nf3 Qd8 24. Rh1 Rg7 25. Bh6 Rf7 26. Qh5 1-0

[Event "Bogota University op 9th"]
[Site "Bogota"]
[Date "2015.10.11"]
[Round "7"]
[White "Almeida Quintana, Omar"]
[Black "Espinoza Palomino, Willyam"]
[Result "1-0"]
[WhiteElo "2526"]
[BlackElo "2331"]
[PlyCount "173"]
[EventDate "2015.10.08"]
[EventType "swiss"]
[EventRounds "9"]
[EventCountry "COL"]
[SourceTitle "CBM 168 Extra"]
[Source "ChessBase"]
[SourceDate "2015.10.29"]
[SourceVersion "1"]
[SourceVersionDate "2015.10.29"]
[SourceQuality "1"]

1. d4 d5 2. Nf3 Nf6 3. c4 c6 4. Nc3 dxc4 5. a4 e6 6. e3 c5 7. Bxc4 Nc6 8. 0-0 cxd4 9. exd4 Be7 10. Re1 0-0 11. Bg5 Bd7 12. Qe2 Nb4 13. Ne5 Be8 14. Rad1 Nfd5 15. Nxd5 exd5 16. Bxe7 Qxe7 17. Bb3 Qd6 18. Ng4 Bd7 19. Ne3 Rae8 20. Qd2 f5 21. Nc2 Nc6 22. Na3 a6 23. Nb1 Rxe1+ 24. Rxe1 Re8 25. Rxe8+ Bxe8 26. Nc3 Bf7 27. Ne2 Qb4 28. Qc3 Kf8 29. f3 Qe7 30. Kf1 Ke8 31. g3 Kd8 32. Kf2 Qb4 33. Ke3 Qe7+ 34. Kd2 Qg5+ 35. f4 Qe7 36. Qc5 Kd7 37. Bc2 g6 38. Qxe7+ Kxe7 39. Kc3 a5 40. Ng1 Kd6 41. Nf3 Nb4 42. Bd1 Be8 43. b3 Ke7 44. Be2 Bc6 45. Ne5 Be8 46. h4 Kf6 47. Kd2 Ke7 48. Nf3 Kf6 49. Ng5 h6 50. Nf3 h5 51. Ne5 Ke7 52. Bb5 Bf7 53. Kc3 Na2+ 54. Kc2 Nb4+ 55. Kb1 Ke6 56. Kb2 Ke7 57. Kc3 Na2+ 58. Kd2 Nb4 59. Bd7 Kf6 60. Bc8 b6 61. Bd7 Ke7 62. Bb5 Na2 63. Nd7 Be6 64. Nxb6 Kd6 65. Be8 Kc7 66. Na8+ Kb7 67. Bxg6 Nb4 68. Bxh5 Nc6 69. Kc3 Kxa8 70. Be8 Ne7 71. b4 Ng8 72. h5 Nf6 73. h6 Bg8 74. Bg6 Ne4+ 75. Kd3 axb4 76. Bxf5 Nxg3 77. h7 Bxh7 78. Bxh7 Nh5 79. Ke3 Kb7 80. Bc2 Kc6 81. f5 Kd6 82. Kf3 Ke7 83. Kg4 Nf6+ 84. Kf4 Kd6 85. Kg5 Ne4+ 86. Kg6 Ke7 87. a5 1-0

[Event "Bogota University op 9th"]
[Site "Bogota"]
[Date "2015.10.08"]
[Round "2"]
[White "Noboa Silva, Kevin Omar"]
[Black "Espinoza Palomino, Willyam"]
[Result "1/2-1/2"]
[WhiteElo "2032"]
[BlackElo "2331"]
[PlyCount "86"]
[EventDate "2015.10.08"]
[EventType "swiss"]
[EventRounds "9"]
[EventCountry "COL"]
[SourceTitle "CBM 168 Extra"]
[Source "ChessBase"]
[SourceDate "2015.10.29"]
[SourceVersion "1"]
[SourceVersionDate "2015.10.29"]
[SourceQuality "1"]

1. e4 e5 2. Nf3 Nc6 3. d4 exd4 4. Nxd4 Nf6 5. Nxc6 bxc6 6. e5 Qe7 7. Qe2 Nd5 8. c4 Nb6 9. Nc3 a5 10. Qe4 g6 11. Bd3 Bg7 12. 0-0 0-0 13. Re1 Ba6 14. Bf4 Qb4 15. a3 Qb3 16. c5 Bxd3 17. Qxd3 Nd5 18. Bg3 Rfb8 19. Red1 Bf8 20. Nxd5 cxd5 21. Qxd5 Qxd5 22. Rxd5 Rxb2 23. Rxd7 Bxc5 24. Rxc7 Bxa3 25. e6 f6 26. Bf4 Bb4 27. g4 Re8 28. Rd1 Bf8 29. Bd6 Re2 30. Bxf8 Kxf8 31. Rdd7 R8xe6 32. Rxh7 Re7 33. Rc8+ Re8 34. Rh8+ Kf7 35. Rh7+ Kg8 36. Rcc7 a4 37. Rcg7+ Kf8 38. Rxg6 R8e6 39. Ra7 R2e4 40. h3 Rf4 41. Rh6 Kg8 42. Rg6+ Kf8 43. Rh6 Kg8 1/2-1/2

[Event "Medellin Navideno op"]
[Site "Medellin"]
[Date "2013.12.21"]
[Round "7"]
[White "Montoya Diaz, Cesar Augusto"]
[Black "Espinoza Palomino, Willyam"]
[Result "0-1"]
[WhiteElo "2122"]
[BlackElo "2324"]
[PlyCount "58"]
[EventDate "2013.12.18"]
[EventType "swiss"]
[EventRounds "9"]
[EventCountry "COL"]
[SourceTitle "CBM 158 Extra"]
[Source "ChessBase"]
[SourceDate "2014.02.28"]
[SourceVersion "1"]
[SourceVersionDate "2014.02.28"]
[SourceQuality "1"]

1. f4 d5 2. Nf3 Nf6 3. d4 g6 4. e3 Bg7 5. Bd3 c5 6. c3 0-0 7. Nbd2 b6 8. 0-0 e6 9. Ne5 Bb7 10. Qf3 Qe7 11. g4 Nfd7 12. Qg3 Nxe5 13. fxe5 f6 14. Nf3 fxe5 15. Nxe5 Rxf1+ 16. Bxf1 Nc6 17. Nxc6 Bxc6 18. Bd2 e5 19. Re1 Bf6 20. Re2 Rd8 21. Be1 Bb5 22. Rd2 Bxf1 23. Kxf1 Rf8 24. Kg2 exd4 25. cxd4 cxd4 26. Qf3 Qe6 27. exd4 Qxe1 28. Qxd5+ Kg7 29. Rf2 Qe7 0-1

[Event "Medellin Navideno op"]
[Site "Medellin"]
[Date "2013.12.20"]
[Round "5"]
[White "Zapata Arbelaes, Estiven"]
[Black "Espinoza Palomino, Willyam"]
[Result "0-1"]
[WhiteElo "2148"]
[BlackElo "2324"]
[PlyCount "34"]
[EventDate "2013.12.18"]
[EventType "swiss"]
[EventRounds "9"]
[EventCountry "COL"]
[SourceTitle "CBM 158 Extra"]
[Source "ChessBase"]
[SourceDate "2014.02.28"]
[SourceVersion "1"]
[SourceVersionDate "2014.02.28"]
[SourceQuality "1"]

1. d4 Nf6 2. c4 e6 3. Nc3 Bb4 4. Qc2 0-0 5. a3 Bxc3+ 6. Qxc3 d5 7. Bg5 c5 8. e3 cxd4 9. exd4 h6 10. Bh4 g5 11. Bg3 Ne4 12. Qc2 Nc6 13. Ne2 Qa5+ 14. Kd1 Bd7 15. c5 Nb4 16. Qb1 Ba4+ 17. b3 Nc2 0-1

[Event "Dosquebrad op 1st"]
[Site "Dosquebrad"]
[Date "2013.12.11"]
[Round "1"]
[White "Suasnabar, Jesus"]
[Black "Espinoza Palomino, Willyam"]
[Result "0-1"]
[WhiteElo "1998"]
[BlackElo "2324"]
[PlyCount "78"]
[EventDate "2013.12.11"]
[EventType "swiss"]
[EventRounds "9"]
[EventCountry "COL"]
[SourceTitle "CBM 158 Extra"]
[Source "ChessBase"]
[SourceDate "2014.02.28"]
[SourceVersion "1"]
[SourceVersionDate "2014.02.28"]
[SourceQuality "1"]

1. d4 Nf6 2. c4 e6 3. Nf3 b6 4. a3 Bb7 5. Nc3 d6 6. Qc2 g6 7. e4 Bg7 8. Be2 Nbd7 9. 0-0 0-0 10. Rd1 Qe7 11. b4 e5 12. d5 Ne8 13. Ne1 f5 14. f3 f4 15. Nd3 h5 16. Bd2 g5 17. Be1 Rf7 18. Bf2 Ndf6 19. c5 g4 20. Kh1 Bh6 21. Nb5 Rg7 22. Bh4 Bg5 23. Bxg5 Rxg5 24. Rac1 Rg7 25. Qb2 Rg5 26. Rc2 Bc8 27. cxd6 cxd6 28. Rdc1 Bd7 29. Nc7 Nxc7 30. Rxc7 h4 31. Nf2 gxf3 32. gxf3 Qd8 33. Ba6 Kh8 34. Qc2 Qg8 35. Bb7 Rf8 36. Bc6 Bc8 37. Bb7 Bxb7 38. Rxb7 Rg2 39. Rc7 h3 0-1

[Event "Bogota McGregor op 4th"]
[Site "Bogota"]
[Date "2013.12.08"]
[Round "9"]
[White "Escobar Forero, Alder"]
[Black "Espinoza Palomino, Willyam"]
[Result "1/2-1/2"]
[WhiteElo "2455"]
[BlackElo "2324"]
[PlyCount "55"]
[EventDate "2013.12.04"]
[EventType "swiss"]
[EventRounds "9"]
[EventCountry "COL"]
[SourceTitle "CBM 157 Extra"]
[Source "ChessBase"]
[SourceDate "2013.12.19"]
[SourceVersion "1"]
[SourceVersionDate "2013.12.19"]
[SourceQuality "1"]

1. e4 c5 2. Nf3 g6 3. Bc4 Bg7 4. c3 e6 5. d4 cxd4 6. cxd4 d5 7. exd5 exd5 8. Bb3 Ne7 9. h3 0-0 10. 0-0 Nbc6 11. Bg5 h6 12. Bf4 Nf5 13. Nc3 Be6 14. Nb5 Rc8 15. Be5 Qb6 16. Bxg7 Kxg7 17. Nc3 Rfd8 18. Na4 Qb4 19. a3 Qe7 20. Qd3 Qf6 21. Rad1 b6 22. Ba2 g5 23. Nc3 h5 24. h4 gxh4 25. Rfe1 Nfe7 26. Ne5 Kh8 27. Qf3 Qg5 28. Ne2 1/2-1/2

[Event "Lima 1st"]
[Site "Lima"]
[Date "2013.11.30"]
[Round "6"]
[White "Mendoza, Rodrigo"]
[Black "Espinoza Palomino, Willyam"]
[Result "0-1"]
[WhiteElo "2198"]
[BlackElo "2324"]
[PlyCount "82"]
[EventDate "2013.11.27"]
[EventType "tourn"]
[EventRounds "9"]
[EventCountry "PER"]
[EventCategory "2"]
[SourceTitle "CBM 157 Extra"]
[Source "ChessBase"]
[SourceDate "2013.12.19"]
[SourceVersion "1"]
[SourceVersionDate "2013.12.19"]
[SourceQuality "1"]

1. Nf3 d5 2. c4 c6 3. e3 Nf6 4. Nc3 g6 5. d4 Bg7 6. Bd3 0-0 7. 0-0 Bg4 8. h3 Bxf3 9. Qxf3 e6 10. b3 Nbd7 11. Ba3 Re8 12. Rac1 a6 13. Bd6 b5 14. Bh2 Qb6 15. Rc2 Rac8 16. Rfc1 dxc4 17. bxc4 b4 18. c5 Qa5 19. Nb1 e5 20. Nd2 Qa3 21. Bxe5 Qxd3 22. Nc4 Qe4 23. Bxf6 Qxf3 24. gxf3 Nxf6 25. Nd6 Nd5 26. Nxe8 Rxe8 27. Rc4 a5 28. Kh2 f5 29. a3 Bf6 30. axb4 Nxb4 31. Ra1 Bd8 32. Re1 Bc7+ 33. Kg2 Kf7 34. e4 Nd3 35. Re3 Nf4+ 36. Kf1 Rb8 37. Re1 Rb2 38. d5 cxd5 39. exd5 Nxd5 40. Rd4 Nf6 41. c6 Bb6 0-1

[Event "Lima 1st"]
[Site "Lima"]
[Date "2013.11.27"]
[Round "1"]
[White "Espinoza Palomino, Willyam"]
[Black "Condori Aranya, Edwin"]
[Result "1-0"]
[WhiteElo "2324"]
[BlackElo "2162"]
[PlyCount "45"]
[EventDate "2013.11.27"]
[EventType "tourn"]
[EventRounds "9"]
[EventCountry "PER"]
[EventCategory "2"]
[SourceTitle "CBM 157 Extra"]
[Source "ChessBase"]
[SourceDate "2013.12.19"]
[SourceVersion "1"]
[SourceVersionDate "2013.12.19"]
[SourceQuality "1"]

1. e4 c6 2. d4 d5 3. Nc3 dxe4 4. Nxe4 Bf5 5. Ng3 Bg6 6. h4 h6 7. Nf3 Nd7 8. h5 Bh7 9. Bd3 Bxd3 10. Qxd3 e6 11. Bf4 Ngf6 12. 0-0-0 Be7 13. Kb1 0-0 14. Ne4 Qa5 15. Ne5 Rad8 16. Nxf6+ Nxf6 17. Qe2 c5 18. Ng6 fxg6 19. Qxe6+ Kh8 20. hxg6 Rxd4 21. Rxd4 cxd4 22. Qxe7 Kg8 23. Bd6 1-0